[Event "Championnat de France des Jeunes - Mini"]
[Site "LA ROCHE SUR YON"]
[Date "2008.04.27"]
[Round "9.7"]
[White "Le Ruyet, Leopold"]
[Black "Graca, Robert"]
[Result "0-1"]
[WhiteElo "2063"]
[BlackElo "2103"]
[Annotator "Salaun,Michel"]
[PlyCount "76"]
[EventDate "2008.04.27"]
[EventType "swiss"]
[EventRounds "9"]
[EventCountry "FRA"]

1. e4 c5 2. Nf3 d6 3. d4 cxd4 4. Nxd4 Nf6 5. Nc3 Nc6 6. Bg5 e6 7. Qd2 a6 8.
O-O-O Bd7 9. Qe1 Nxd4 10. Rxd4 Be7 11. f4 h6 12. Bxf6 gxf6 13. Qg3 Kf8 14. Bc4
b5 15. e5 f5 16. Bb3 d5 17. Nxd5 exd5 18. Bxd5 Ra7 19. Rhd1 Qe8 20. Qb3 Bc5 21.
Qc3 Rc7 22. Qa5 Qc8 23. R4d3 Rg8 24. Qe1 Rg6 25. g4 Rxg4 26. e6 Bxe6 27. Bf3
Be7 28. Bxg4 Rxc2+ 29. Kb1 Bf6 30. Qb4+ Kg7 31. R3d2 Rxd2 32. Qxd2 fxg4 33. Rc1
Qa8 34. Qd3 Qg2 35. Rc2 Qh1+ 36. Rc1 Qxh2 37. Rc2 Qh1+ 38. Rc1 Bxa2+ 0-1

[Event "Championnat de France des Jeunes - Pupi"]
[Site "LA ROCHE SUR YON"]
[Date "2008.04.27"]
[Round "9.6"]
[White "Bellahcene, Rayane"]
[Black "Bordais, Benjamin"]
[Result "1/2-1/2"]
[WhiteElo "1660"]
[BlackElo "1770"]
[Annotator "Salaun,Michel"]
[PlyCount "129"]
[EventDate "2008.04.27"]
[EventType "swiss"]
[EventRounds "9"]
[EventCountry "FRA"]

1. c4 f5 2. g3 Nf6 3. Nf3 e6 4. Bg2 Be7 5. O-O d6 6. d4 Nc6 7. Bf4 O-O 8. Nc3
Qe8 9. Nb5 Bd8 10. d5 Ne7 11. dxe6 Bxe6 12. Qc2 Nc6 13. Nfd4 Qd7 14. Nxc6 bxc6
15. Nd4 d5 16. Nxe6 Qxe6 17. Bh3 Ne8 18. cxd5 cxd5 19. Rfd1 g6 20. Bg2 c6 21.
Rac1 Rc8 22. Bxd5 cxd5 23. Qxc8 Qe7 24. Rc6 Ng7 25. e3 Bb6 26. Bd6 Qxd6 27.
Rxd6 Rxc8 28. R1xd5 Rc2 29. Rd2 Rxd2 30. Rxd2 Kf7 31. Kf1 Ke6 32. Ke2 Ne8 33.
f3 Nd6 34. b3 Nb5 35. Rc2 Nc7 36. a3 Nd5 37. e4 fxe4 38. fxe4 Nc7 39. a4 Ke5
40. Kd3 Na6 41. Rc8 Nc5+ 42. Kc4 Nxe4 43. Re8+ Kf5 44. g4+ Kf4 45. Rh8 Nf6 46.
Rf8 Ke5 47. b4 Nxg4 48. a5 Bg1 49. h3 Ne3+ 50. Kb5 Nc2 51. Rc8 a6+ 52. Kxa6
Nxb4+ 53. Kb7 Nd5 54. a6 Nf4 55. Rc1 Bd4 56. Rd1 {(=)} Bf2 57. Rb1 Nd5 58. Rb5
Ke4 59. Rb2 Bg1 60. Rg2 Bc5 61. Rg4+ Nf4 62. a7 Bxa7 63. Kxa7 Kf5 64. Kb6 h5
65. Rg3 {(=)} 1/2-1/2

[Event "Championnat de France des Jeunes - Mini"]
[Site "LA ROCHE SUR YON"]
[Date "2008.04.27"]
[Round "9.6"]
[White "Martin, Cedric"]
[Black "Song, Julien"]
[Result "0-1"]
[WhiteElo "2125"]
[BlackElo "2214"]
[Annotator "Salaun,Michel"]
[PlyCount "115"]
[EventDate "2008.04.27"]
[EventType "swiss"]
[EventRounds "9"]
[EventCountry "FRA"]

1. e4 e6 2. d4 d5 3. Nd2 c5 4. exd5 exd5 5. Ngf3 Nf6 6. Bb5+ Bd7 7. Bxd7+ Nbxd7
8. O-O Be7 9. Re1 O-O 10. dxc5 Bxc5 11. Nb3 Bb6 12. Be3 Qc7 13. Bxb6 Nxb6 14.
c3 Rae8 15. Qc2 Nc4 16. Rad1 h5 17. Nc1 Re4 18. Nd3 Rfe8 19. h3 a6 20. Qc1 Qb6
21. Kf1 Qb5 22. Nd4 Qb6 23. b3 Nd6 24. f3 Rxe1+ 25. Rxe1 Rc8 26. Qd2 Qa5 27.
Rc1 Nb5 28. Nxb5 Qxb5 29. Kg1 a5 30. Nf4 Qc5+ 31. Kh1 g6 32. Ne2 Qf2 33. Qc2
Kg7 34. Nd4 Qe3 35. Qb2 h4 36. Ne2 Qd3 37. Nf4 Qe3 38. Ne2 Qf2 39. Rc2 Re8 40.
Ng1 Qc5 41. Re2 Rc8 42. Rc2 d4 43. c4 d3 44. Rd2 Qd6 45. Qc3 Rd8 46. c5 Qd5 47.
f4 Qf5 48. Nf3 Kg8 49. Qxa5 Qd5 50. Nxh4 Ne4 51. Nf3 Nxd2 52. Qxd2 Qxc5 53. a3
Qc2 54. Qa5 Qc1+ 55. Kh2 Qxf4+ 56. g3 Qd6 57. Qd2 Re8 58. Qh6 0-1

[Event "Championnat de France des Jeunes - Benj"]
[Site "LA ROCHE SUR YON"]
[Date "2008.04.27"]
[Round "9.8"]
[White "Domenech, Vianney"]
[Black "Neri, Jean-Baptiste"]
[Result "0-1"]
[WhiteElo "1923"]
[BlackElo "1890"]
[Annotator "Salaun,Michel"]
[PlyCount "80"]
[EventDate "2008.04.27"]
[EventType "swiss"]
[EventRounds "9"]
[EventCountry "FRA"]

1. d4 Nf6 2. Nf3 d6 3. Bg5 Nbd7 4. e3 e5 5. c4 Be7 6. Nc3 O-O 7. Bd3 b6 8. Qc2
h6 9. Bh4 Bb7 10. Bf5 exd4 11. Nxd4 Ne5 12. O-O Nxc4 13. Nce2 Ne5 14. Nf4 c5
15. Nde6 fxe6 16. Nxe6 Qe8 17. f4 Neg4 18. Qb3 Bd5 19. Qd3 c4 20. Qd4 Qh5 21.
e4 Qxh4 22. Bxg4 Bxe6 23. Bxe6+ Kh8 24. g3 Qh5 25. e5 dxe5 26. Qxe5 Qxe5 27.
fxe5 Ne4 28. Bd5 Nd2 29. Bxa8 Nxf1 30. Rxf1 Rxa8 31. Kg2 Kg8 32. e6 Bf6 33. Rd1
Re8 34. Rd7 Rxe6 35. Rxa7 Re2+ 36. Kf3 Rxb2 37. h3 c3 38. a4 c2 39. Rc7 Bd4 40.
Ke4 Bc5 0-1

[Event "Championnat de France des Jeunes - Benj"]
[Site "LA ROCHE SUR YON"]
[Date "2008.04.27"]
[Round "9.10"]
[White "Peyre, Thomas"]
[Black "Boure, Hugo"]
[Result "1-0"]
[WhiteElo "1911"]
[BlackElo "1781"]
[Annotator "Salaun,Michel"]
[PlyCount "107"]
[EventDate "2008.04.27"]
[EventType "swiss"]
[EventRounds "9"]
[EventCountry "FRA"]

1. e4 c5 2. Nf3 Nc6 3. d4 cxd4 4. Nxd4 Nf6 5. Nc3 e5 6. Ndb5 d6 7. Bg5 a6 8.
Na3 b5 9. Bxf6 gxf6 10. Nd5 Bg7 11. Bd3 Ne7 12. Qf3 Nxd5 13. exd5 Qd7 14. c4 b4
15. Nc2 f5 16. Nxb4 e4 17. Qe2 O-O 18. Bc2 Bxb2 19. Rb1 Bc3+ 20. Kf1 Rb8 21.
Nc6 Rxb1+ 22. Bxb1 Qc7 23. Qe3 Bg7 24. g4 fxg4 25. Qxe4 f5 26. Qe3 Bd7 27. Qa7
Qxa7 28. Nxa7 Rb8 29. Kg2 Rb2 30. Nc6 f4 31. Re1 Kf8 32. Bxh7 Rxa2 33. Bg6 f3+
34. Kg3 Re2 35. Rb1 Rb2 {(=)} 36. Rxb2 Bxb2 37. Bh5 Bxc6 38. dxc6 Ke7 39. Bxg4
Kd8 40. Kxf3 Bd4 41. Bf5 Kc7 42. Ke4 Bxf2 {(=)} 43. Kd5 a5 44. Bc2 Bh4 45. Ba4
Be7 46. Ke6 Bh4 47. Kf5 Kb6 48. Kg4 Bd8 49. h4 Kc5 50. h5 Kb4 51. h6 Kxa4 52.
h7 Kb4 53. h8=Q Bc7 54. Qg7 1-0

[Event "Championnat de France des Jeunes - Mini"]
[Site "LA ROCHE SUR YON"]
[Date "2008.04.27"]
[Round "9.8"]
[White "Villegas, Pierre"]
[Black "Massoni, Michael"]
[Result "1/2-1/2"]
[WhiteElo "2060"]
[BlackElo "2176"]
[Annotator "Salaun,Michel"]
[PlyCount "93"]
[EventDate "2008.04.27"]
[EventType "swiss"]
[EventRounds "9"]
[EventCountry "FRA"]

1. d4 Nf6 2. c4 c5 3. d5 e6 4. Nc3 exd5 5. cxd5 d6 6. Nf3 g6 7. Bf4 Bg7 8. Qa4+
Bd7 9. Qb3 Qc7 10. e4 O-O 11. Nd2 Re8 12. Be2 Re7 13. O-O Na6 14. Rfe1 Ne8 15.
a4 Nb4 16. Rac1 a6 17. Nc4 b6 18. Red1 b5 19. axb5 Bxb5 20. Nxb5 axb5 21. Na3
Rxe4 22. Nxb5 Qd8 23. Be3 Na6 24. Rc4 Rxc4 25. Bxc4 Rb8 26. Qa3 Nac7 27. Nc3
Rb4 28. Qa2 Qb8 29. Rd2 Rb7 30. Rc2 Be5 31. g3 Ng7 32. f4 Bf6 33. Ne4 Be7 34.
Bxc5 dxc5 35. d6 Nce6 36. dxe7 Rxe7 37. Bxe6 Nxe6 38. Qd5 Qb4 39. Nxc5 Qb6 40.
Kf1 Nxc5 41. Qxc5 Qe6 42. Qc8+ Qxc8 43. Rxc8+ Kg7 44. Rb8 Rc7 45. b4 Rc2 46.
Kg1 Rb2 47. b5 {(=)} 1/2-1/2

[Event "Championnat de France des Jeunes - Cade"]
[Site "LA ROCHE SUR YON"]
[Date "2008.04.27"]
[Round "9.9"]
[White "Hedouin, Priscillia"]
[Black "Belier, Marie"]
[Result "1/2-1/2"]
[WhiteElo "1470"]
[BlackElo "1370"]
[Annotator "Salaun,Michel"]
[PlyCount "92"]
[EventDate "2008.04.27"]
[EventType "swiss"]
[EventRounds "9"]
[EventCountry "FRA"]

1. e4 d6 2. d4 Nf6 3. Nc3 g6 4. Bc4 Bg7 5. Nf3 O-O 6. O-O Nbd7 7. Bf4 Re8 8.
Qd2 e5 9. dxe5 Nxe5 10. Nxe5 dxe5 11. Qxd8 Rxd8 12. Bxe5 Re8 13. Bxc7 Nxe4 14.
Nxe4 Rxe4 15. Rae1 Bf5 16. b3 Rxe1 17. Rxe1 Bxc2 18. Re7 Rf8 19. Bd6 Rd8 20.
Bxf7+ Kh8 21. Re8+ Rxe8 22. Bxe8 Bd4 23. Bf7 Be4 24. Bc4 a5 25. Kf1 Kg7 26. f3
Bc6 27. a4 Kf6 28. Ke2 Bd7 29. Kd3 Bg1 30. h3 Bf5+ 31. Kd2 Bd4 32. Bd3 Be6 33.
b4 axb4 34. Bxb4 Be5 {(=)} 35. Bc3 Bxc3+ 36. Kxc3 Kg5 37. Bc4 Bc8 38. Kd2 Kf4
39. Ke2 Kg3 40. Kf1 b6 41. Bb5 g5 42. Kg1 h5 43. Kf1 h4 44. Bc6 Be6 {(=)} 45.
Kg1 Bc8 46. Kf1 Be6 1/2-1/2

[Event "Championnat de France des Jeunes - Cade"]
[Site "LA ROCHE SUR YON"]
[Date "2008.04.27"]
[Round "9.8"]
[White "Burel, Gwenaelle"]
[Black "Garma, Jovanka"]
[Result "0-1"]
[WhiteElo "1663"]
[BlackElo "1770"]
[Annotator "Salaun,Michel"]
[PlyCount "87"]
[EventDate "2008.04.27"]
[EventType "swiss"]
[EventRounds "9"]
[EventCountry "FRA"]

1. e4 c5 2. Nf3 Nc6 3. d4 cxd4 4. Nxd4 Nf6 5. Nc3 g6 6. Be3 Bg7 7. Be2 a6 8. a4
O-O 9. O-O d5 10. exd5 Nxd5 11. Nxd5 Qxd5 12. Nxc6 Qxc6 13. c3 Re8 14. Qb3 e5
15. Qb6 Bd7 16. Rfd1 Rac8 17. Rd6 Qxb6 18. Bxb6 Bc6 19. a5 Bf8 20. Rd2 Be7 21.
Bc4 Bd8 22. Bxd8 Rexd8 23. Rad1 Rxd2 24. Rxd2 Kf8 25. Bf1 Ke7 26. g3 f5 27. Bg2
Bxg2 28. Kxg2 Rc5 29. Kh3 Rxa5 30. g4 h6 31. gxf5 gxf5 32. Kh4 Ra4+ 33. Kh5 Ke6
34. f3 Rf4 35. Rd3 e4 36. fxe4 fxe4 37. Re3 Kd5 38. Kxh6 Rf3 39. Re2 e3 40. Kg5
Ke4 41. Kg4 Rf2 42. Re1 e2 43. h4 Ke3 44. h5 0-1

[Event "Championnat de France des Jeunes - Pupi"]
[Site "LA ROCHE SUR YON"]
[Date "2008.04.27"]
[Round "9.10"]
[White "Saucey, Milena"]
[Black "Kancel, Sarah"]
[Result "1-0"]
[WhiteElo "1440"]
[BlackElo "1530"]
[Annotator "Salaun,Michel"]
[PlyCount "143"]
[EventDate "2008.04.27"]
[EventType "swiss"]
[EventRounds "9"]
[EventCountry "FRA"]

1. e4 e5 2. Nf3 Nc6 3. Bc4 Bc5 4. c3 Nf6 5. d3 d6 6. Nbd2 Bg4 7. O-O O-O 8. h3
Bd7 9. Re1 a6 10. Bb3 Re8 11. Nf1 Ne7 12. Ng3 Ng6 13. d4 exd4 14. cxd4 Ba7 15.
Bc2 Bc6 16. e5 dxe5 17. Bxg6 fxg6 18. dxe5 Qxd1 19. Rxd1 Bxf3 20. gxf3 Rxe5 21.
Bf4 Re7 22. Re1 Rxe1+ 23. Rxe1 Rc8 24. Ne4 Nxe4 25. fxe4 Rf8 26. Be3 Bxe3 27.
Rxe3 h6 28. e5 Re8 29. f4 Kf7 30. Kf2 Ke6 31. Rc3 Re7 32. Rg3 Kf5 33. Ke3 Re6
34. Rf3 c5 35. Kd3 b5 36. b3 Rc6 37. Kc3 Ke4 38. Rf2 Ke3 39. Rf1 c4 40. b4 Ke4
41. Rd1 Rc7 42. Rd6 Kxf4 43. Rxa6 Kxe5 44. Rb6 g5 45. Rxb5+ Kd6 46. a4 Ra7 47.
a5 Ra6 48. Kxc4 Kc6 49. Re5 Ra7 50. b5+ Kd6 51. b6 Rb7 52. Rd5+ Kc6 53. Rc5+
Kd6 54. Kb5 Rb8 55. a6 Re8 56. a7 Re3 57. a8=Q Rb3+ 58. Kc4 Rxb6 59. Qd5+ Ke7
60. Rc6 Rxc6+ 61. Qxc6 Kf7 62. Kd5 Kg8 63. Qg6 g4 64. hxg4 Kf8 65. Ke6 Kg8 66.
Ke7 h5 67. Qxh5 g6 68. Qxg6+ Kh8 69. Qh5+ Kg7 70. g5 Kg8 71. g6 Kg7 72. Qh7#
1-0